Vystúpte z radu, lebo len tak si vás s vašou prezentáciou všimnú

Prezentačné schopnosti a zručnosti manažérov. Ako si pripraviť zaujímavú prezentáciu pre multikultúrne obecenstvo. Prekvapivý úvod, jasná štruktúra, komunikačný štýl a pozitívnosť. Ponúknuť informácie, vďaka ktorým si vás všimnú.

Guardado en:
Detalles Bibliográficos
Autor principal: Gáboríková, Eva
Formato: Capítulo de libro
Lenguaje:eslovaco
Materias:
Etiquetas: Agregar Etiqueta
Sin Etiquetas, Sea el primero en etiquetar este registro!

MARC

LEADER 00000naa a2200000 4500
001 0204856
005 20230912114553.5
041 0 |a slo 
044 |a SK 
245 1 0 |a Vystúpte z radu, lebo len tak si vás s vašou prezentáciou všimnú  |c Eva Gáboríková 
520 |a Prezentačné schopnosti a zručnosti manažérov. Ako si pripraviť zaujímavú prezentáciu pre multikultúrne obecenstvo. Prekvapivý úvod, jasná štruktúra, komunikačný štýl a pozitívnosť. Ponúknuť informácie, vďaka ktorým si vás všimnú. 
610 2 0 |a manažéri 
610 2 0 |a komunikácia manažérska 
610 2 0 |a zručnosti 
610 2 0 |a prezentácia 
610 2 0 |a dizajn 
610 2 0 |a propagácia 
610 2 0 |a komunikácia multikultúrna 
610 2 0 |a štýl vedenia 
100 1 |a Gáboríková, Eva